[Event "FIDE WCC Blitz Women 2019"]
[Site "Moscow"]
[Date "2019.12.29"]
[Round "6.21"]
[White "Buksa, Nataliya"]
[Black "Charochkina, Daria"]
[Result "0-1"]
[WhiteElo "2356"]
[BlackElo "2212"]
[Annotator "NA"]
[PlyCount "162"]
[EventDate "2019.12.29"]
[EventType "swiss"]
[EventCountry "RUS"]
[SourceTitle "playchess.com"]
[Source "ChessBase"]
[SourceQuality "1"]

1. e4 c5 2. Nf3 e6 3. d4 cxd4 4. Nxd4 a6 5. c4 Nf6 6. Nc3 Bb4 7. Qd3 O-O 8. Be2 d6 9. O-O Nbd7 10. a3 Ne5 11. Qc2 Bxc3 12. bxc3 b6 13. f4 Ng6 14. Bd3 Bb7 15. Be3 Rc8 16. Rab1 Qc7 17. Ne2 b5 18. cxb5 axb5 19. Rxb5 Ng4 20. Bb6 Qc6 21. h3 Ba6 22. Rbb1 Bxd3 23. Qxd3 Nf6 24. Rb4 d5 25. e5 Ne4 26. Bd4 Ne7 27. Qb5 Qc7 28. Qb7 Qd8 29. Rb6 Nf5 30. Rf3 Qh4 31. Qa6 Nxd4 32. Nxd4 Rxc3 33. Rxc3 Qe1+ 34. Kh2 Qxc3 35. Nf3 Qe3 36. f5 Qf4+ 37. Kg1 Qxf5 38. Qb5 h6 39. Rb8 Rxb8 40. Qxb8+ Kh7 41. a4 d4 42. Qb1 Qf4 43. Qd3 Qc1+ 44. Kh2 Qf4+ 45. Kg1 Qc1+ 46. Kh2 Qe3 47. Qxe3 dxe3 48. Nd4 Nc5 49. a5 Nb3 50. Nc2 Nxa5 51. Nxe3 Nc6 52. Nc4 Kg6 53. g4 f6 54. exf6 Kxf6 55. Kg3 Nd4 56. Kf4 Ne2+ 57. Kf3 Nd4+ 58. Kf4 Nc6 59. Ke4 Ne7 60. Ne5 Nd5 61. Nf3 Nc3+ 62. Kf4 Ne2+ 63. Ke3 Nc3 64. h4 g5 65. h5 Nd5+ 66. Ke4 Nf4 67. Ne5 Nh3 68. Nd3 e5 69. Nxe5 Nf2+ 70. Kd4 Ke6 71. Nc6 Nxg4 72. Nd8+ Kf6 73. Ke4 Nf2+ 74. Kf3 Nd3 75. Nc6 Ne5+ 76. Nxe5 Kxe5 77. Kg4 Kf6 78. Kg3 Kf5 79. Kf3 g4+ 80. Kg3 Kg5 81. Kg2 Kxh5 0-1

[Event "FIDE WCC Blitz Women 2019"]
[Site "Moscow"]
[Date "2019.12.29"]
[Round "6.22"]
[White "Fataliyeva, Ulviyya"]
[Black "Girya, Olga"]
[Result "0-1"]
[WhiteElo "2108"]
[BlackElo "2337"]
[Annotator "NA"]
[PlyCount "54"]
[EventDate "2019.12.29"]
[EventType "swiss"]
[EventCountry "RUS"]
[SourceTitle "playchess.com"]
[Source "ChessBase"]
[SourceQuality "1"]

1. Nf3 d5 2. b3 Bf5 3. Bb2 e6 4. g3 h6 5. Bg2 Nf6 6. O-O Nbd7 7. d3 c6 8. Nbd2 Be7 9. Qe1 O-O 10. e4 Bh7 11. h3 a5 12. a3 c5 13. Nh2 b5 14. c4 bxc4 15. bxc4 Rb8 16. Rb1 d4 17. f4 Nb6 18. Bc1 Na4 19. Rxb8 Qxb8 20. Ndf3 Nc3 21. Bd2 Qb3 22. Qa1 Ne2+ 23. Kf2 Qxd3 24. Rd1 Nxe4+ 25. Ke1 N2xg3 26. Bf1 Nxf1 27. Nxf1 Qxf3 0-1

[Event "FIDE WCC Blitz Women 2019"]
[Site "Moscow"]
[Date "2019.12.29"]
[Round "6.23"]
[White "Gevorgyan, Maria"]
[Black "Guichard, Pauline"]
[Result "0-1"]
[WhiteElo "2244"]
[BlackElo "2335"]
[Annotator "NA"]
[PlyCount "86"]
[EventDate "2019.12.29"]
[EventType "swiss"]
[EventCountry "RUS"]
[SourceTitle "playchess.com"]
[Source "ChessBase"]
[SourceQuality "1"]

1. e4 e5 2. Nf3 Nc6 3. d4 exd4 4. Nxd4 Nf6 5. Nxc6 bxc6 6. e5 Qe7 7. Qe2 Nd5 8. h4 Qe6 9. g3 Nb4 10. c4 Ba6 11. a3 Bxc4 12. Qxc4 Qxc4 13. Bxc4 Nc2+ 14. Kd1 Nxa1 15. b4 a5 16. Bb2 axb4 17. Bxa1 bxa3 18. Kc2 Bc5 19. f3 Ke7 20. Nd2 Rhb8 21. Ne4 Be3 22. Ba2 Rb4 23. Re1 Bd4 24. Bxd4 Rxd4 25. Kc3 Rda4 26. Rd1 Rb8 27. Nc5 Ra5 28. Rxd7+ Kf8 29. Rxf7+ Ke8 30. Nd3 Rd5 31. Bxd5 cxd5 32. Rxc7 Ra8 33. Nb4 a2 34. Nxa2 Rxa2 35. Kd4 Ra3 36. Rxg7 Rxf3 37. Kxd5 h5 38. Ke6 Kf8 39. Rg6 Ra3 40. Rh6 Ra6+ 41. Kf5 Rxh6 42. Kg5 Rh8 43. g4 hxg4 0-1

[Event "FIDE WCC Blitz Women 2019"]
[Site "Moscow"]
[Date "2019.12.29"]
[Round "6.24"]
[White "Assaubayeva, Bibisara"]
[Black "Hejazipour, Mitra"]
[Result "1-0"]
[WhiteElo "2323"]
[BlackElo "2191"]
[Annotator "NA"]
[PlyCount "149"]
[EventDate "2019.12.29"]
[EventType "swiss"]
[EventCountry "RUS"]
[SourceTitle "playchess.com"]
[Source "ChessBase"]
[SourceQuality "1"]

1. d4 Nf6 2. c4 e6 3. Nf3 b6 4. g3 Bb7 5. Bg2 Bb4+ 6. Bd2 Be7 7. O-O c6 8. Nc3 d5 9. Bf4 O-O 10. Ne5 Nbd7 11. cxd5 cxd5 12. Nd3 Nh5 13. Be3 Nhf6 14. Rc1 Rc8 15. Qb3 Bd6 16. Nb5 Bb8 17. Bf4 Rxc1 18. Rxc1 a6 19. Nc7 Qe7 20. Qb4 Qxb4 21. Nxb4 a5 22. Nba6 Ba7 23. Nb5 Bxa6 24. Nxa7 Bxe2 25. Rc7 Bc4 26. b3 Bd3 27. Nc8 Ba6 28. Ne7+ Kh8 29. Ra7 Bd3 30. Bd6 Re8 31. Bf1 Bxf1 32. Kxf1 g6 33. Rc7 Kg7 34. Nc6 Ne4 35. Rxd7 Rc8 36. Be5+ Kf8 37. Rc7 Re8 38. Na7 h5 39. f3 Ng5 40. Ke2 Ra8 41. Rb7 Ke8 42. Nb5 Kf8 43. Rxb6 Rc8 44. Rb8 Rxb8 45. Bxb8 Ke7 46. Bc7 f6 47. Bxa5 e5 48. Bb4+ Kd7 49. dxe5 fxe5 50. Nc3 Kc6 51. a4 Ne6 52. Kd3 Nd4 53. a5 Nxb3 54. Bf8 Nxa5 55. Bg7 Kd6 56. Nb5+ Ke6 57. Nc7+ Kd6 58. Ne8+ Ke6 59. Nc7+ Kd6 60. Nb5+ Ke6 61. Nc3 Nc4 62. Bf8 Nb2+ 63. Ke2 Nc4 64. Bc5 d4 65. Ne4 Ne3 66. Bb4 Nd5 67. Bd2 Kf5 68. Kd3 Nc7 69. Kc4 Ne6 70. Kd5 Nc7+ 71. Kc6 Ne6 72. h3 Nd8+ 73. Kd7 g5 74. g4+ hxg4 75. hxg4+ 1-0

[Event "FIDE WCC Blitz Women 2019"]
[Site "Moscow"]
[Date "2019.12.29"]
[Round "6.25"]
[White "Mammadzada, Gunay"]
[Black "Nazarova, Anastasia"]
[Result "1/2-1/2"]
[WhiteElo "2314"]
[BlackElo "2049"]
[Annotator "NA"]
[PlyCount "157"]
[EventDate "2019.12.29"]
[EventType "swiss"]
[EventCountry "RUS"]
[SourceTitle "playchess.com"]
[Source "ChessBase"]
[SourceQuality "1"]

1. e4 c5 2. Nf3 Nc6 3. d4 cxd4 4. Nxd4 g6 5. c4 Nf6 6. Nc3 d6 7. Be2 Nxd4 8. Qxd4 Bg7 9. Be3 O-O 10. Qd2 a5 11. Rd1 Be6 12. O-O a4 13. Bd4 Qa5 14. f4 Rfc8 15. b3 axb3 16. axb3 Bd7 17. e5 Ne8 18. exd6 Nxd6 19. Bxg7 Kxg7 20. Qd4+ f6 21. Nd5 Nf5 22. Qf2 Bc6 23. Nb6 Qb4 24. Nxa8 Rxa8 25. g4 Nd6 26. Qe3 Kf7 27. Bf3 Bxf3 28. Rxf3 Ra2 29. Re1 Nc8 30. g5 Qd6 31. Rf2 Ra3 32. Rd2 Qc6 33. Rd3 Ra2 34. Rd2 Ra3 35. Qd3 Qb6+ 36. Re3 Ra1+ 37. Kf2 Qc6 38. Qd5+ Qxd5 39. Rxd5 Nd6 40. c5 Nf5 41. Red3 Ra2+ 42. Rd2 Ra3 43. R5d3 fxg5 44. fxg5 Ra5 45. b4 Ra4 46. Rb3 Ra1 47. Rdd3 Rh1 48. Kg2 Rc1 49. Rdc3 Ra1 50. b5 Ra2+ 51. Kg1 Nd4 52. Ra3 Ne2+ 53. Kh1 Nxc3 54. Rxc3 Ra1+ 55. Kg2 Ra2+ 56. Kg3 Ke8 57. h4 Ra1 58. c6 bxc6 59. bxc6 Kd8 60. Rc4 Rf1 61. Kg2 Rf5 62. Kg3 Kc7 63. Re4 Rf7 64. Re6 Kc8 65. Kg4 Kc7 66. Kg3 Kd8 67. Kg4 Kc7 68. h5 gxh5+ 69. Kxh5 Rg7 70. Kh6 Rf7 71. Kh5 Rg7 72. Rh6 e5 73. Re6 e4 74. Kg4 e3 75. Kf5 e2 76. Rxe2 Kxc6 77. Re6+ Kd7 78. Ra6 Rf7+ 79. Rf6 1/2-1/2

[Event "FIDE WCC Blitz Women 2019"]
[Site "Moscow"]
[Date "2019.12.29"]
[Round "6.26"]
[White "Injac, Teodora"]
[Black "Heinemann, Josefine"]
[Result "1/2-1/2"]
[WhiteElo "2236"]
[BlackElo "2325"]
[Annotator "NA"]
[PlyCount "88"]
[EventDate "2019.12.29"]
[EventType "swiss"]
[EventCountry "RUS"]
[SourceTitle "playchess.com"]
[Source "ChessBase"]
[SourceQuality "1"]

1. d4 Nf6 2. Nf3 g6 3. Nbd2 d5 4. e3 Bg7 5. b4 O-O 6. Bb2 a5 7. b5 c6 8. c4 cxb5 9. cxb5 a4 10. Ba3 Nbd7 11. Be2 Re8 12. O-O Nb6 13. Rc1 Bf5 14. Ne5 Ne4 15. Nxe4 Bxe4 16. Qd2 Bf5 17. Bd3 Bxd3 18. Qxd3 f6 19. Nf3 Nc4 20. Nd2 Nxa3 21. Qxa3 Qa5 22. Nb1 Qxb5 23. Nc3 Qd7 24. Rb1 e5 25. Qc5 Red8 26. Qb5 exd4 27. exd4 f5 28. Rfd1 Rac8 29. Nxa4 Rc4 30. Qxd7 Rxd7 31. Nc5 Rc7 32. Ne6 Re7 33. Nxg7 Kxg7 34. Kf1 Rc2 35. Re1 Rxe1+ 36. Kxe1 Rxa2 37. Rxb7+ Kf6 38. Rb6+ Kg5 39. Rd6 Ra1+ 40. Ke2 Ra2+ 41. Kf3 Ra3+ 42. Ke2 Ra2+ 43. Kf3 Ra3+ 44. Ke2 Ra2+ 1/2-1/2

[Event "FIDE WCC Blitz Women 2019"]
[Site "Moscow"]
[Date "2019.12.29"]
[Round "6.27"]
[White "Kulon, Klaudia"]
[Black "Munkhzul, Turmunkh"]
[Result "0-1"]
[WhiteElo "2457"]
[BlackElo "2139"]
[Annotator "ChessBase"]
[PlyCount "62"]
[EventDate "2019.12.29"]
[EventType "swiss"]
[EventCountry "RUS"]
[SourceTitle "playchess.com"]
[Source "ChessBase"]
[SourceQuality "1"]

1. d4 Nf6 2. Bg5 e6 3. Nd2 d5 4. e3 Bd6 5. Bd3 h6 6. Bh4 O-O 7. c3 b6 8. f4 Be7 9. Ngf3 Bb7 10. Bxf6 Bxf6 11. h4 Nd7 12. g4 Be7 13. g5 h5 14. g6 f6 15. Qe2 Qe8 16. O-O-O f5 17. Rdg1 Nf6 18. Ng5 Qd7 19. Nh7 Rfc8 20. Nxf6+ Bxf6 21. Qxh5 c5 22. Nf3 Kf8 23. Ne5 Qa4 24. Kb1 Ke7 25. Qe2 Rh8 26. h5 Bxe5 27. fxe5 Rh6 28. Qg2 Rah8 29. Qg5+ Ke8 30. Bxf5 exf5 31. Qxf5 Qd7 0-1

[Event "FIDE WCC Blitz Women 2019"]
[Site "Moscow"]
[Date "2019.12.29"]
[Round "6.28"]
[White "Lysenko, Margarita"]
[Black "Kovalevskaya, Ekaterina"]
[Result "0-1"]
[WhiteElo "2188"]
[BlackElo "2286"]
[Annotator "NA"]
[PlyCount "78"]
[EventDate "2019.12.29"]
[EventType "swiss"]
[EventCountry "RUS"]
[SourceTitle "playchess.com"]
[Source "ChessBase"]
[SourceQuality "1"]

1. d4 Nf6 2. c4 c5 3. d5 b5 4. cxb5 a6 5. bxa6 g6 6. Nc3 Bg7 7. e4 O-O 8. Nf3 Qa5 9. Bd2 Bxa6 10. Be2 Qb4 11. O-O Nxe4 12. Nxe4 Qxe4 13. Bxa6 Nxa6 14. Bc3 Bxc3 15. bxc3 Qc4 16. Qd2 Nc7 17. d6 exd6 18. Qxd6 Ne6 19. Ne5 Qxc3 20. Rac1 Qd4 21. Qxd4 Nxd4 22. Nxd7 Ne2+ 23. Kh1 Nxc1 24. Nxf8 Kxf8 25. Rxc1 Rxa2 26. g3 Ra5 27. Kg2 Ke7 28. Kf3 Kd6 29. Rd1+ Kc6 30. Rd8 Ra7 31. Ke3 Re7+ 32. Kf3 Kb5 33. g4 c4 34. Rc8 Kb4 35. Kf4 c3 36. Kg5 Kb3 37. Kf6 Re4 38. Kxf7 Rxg4 39. Kg7 Rh4 0-1

[Event "FIDE WCC Blitz Women 2019"]
[Site "Moscow"]
[Date "2019.12.29"]
[Round "6.29"]
[White "Maltsevskaya, Aleksandra"]
[Black "Song, Yuxin"]
[Result "1-0"]
[WhiteElo "2280"]
[BlackElo "2128"]
[Annotator "NA"]
[PlyCount "111"]
[EventDate "2019.12.29"]
[EventType "swiss"]
[EventCountry "RUS"]
[SourceTitle "playchess.com"]
[Source "ChessBase"]
[SourceQuality "1"]

1. e4 c5 2. Nf3 d6 3. d4 cxd4 4. Nxd4 Nf6 5. Nc3 a6 6. h3 e5 7. Nde2 h5 8. Bg5 Be6 9. g3 b5 10. Bg2 Nbd7 11. O-O Be7 12. Be3 Rc8 13. f4 Nb6 14. b3 Qc7 15. Rc1 Bd7 16. Nd5 Nbxd5 17. exd5 exf4 18. Nxf4 b4 19. Bd4 h4 20. g4 O-O 21. c4 bxc3 22. Rxc3 Qa5 23. Rxc8 Rxc8 24. g5 Nh7 25. g6 Ng5 26. gxf7+ Nxf7 27. Ng6 Bg5 28. Qf3 Be8 29. Qg4 Qd8 30. Ne7+ Qxe7 31. Qxc8 Be3+ 32. Bxe3 Qxe3+ 33. Kh1 Ng5 34. Qf5 Bf7 35. Qf4 Qe7 36. Qxh4 Qe5 37. Qf4 Qe7 38. h4 Nh7 39. Qg3 Nf6 40. Re1 Qb7 41. Qxd6 Ng4 42. Qg3 Qd7 43. d6 Be6 44. Bf3 Nf6 45. Qe5 Kf7 46. Rg1 g6 47. Rf1 Bf5 48. Re1 Be6 49. Bg2 Qc8 50. Qf4 Qd7 51. Rf1 Bf5 52. Rc1 Ne8 53. Qe5 Nxd6 54. Bd5+ Be6 55. Bxe6+ Qxe6 56. Rc7+ 1-0

[Event "FIDE WCC Blitz Women 2019"]
[Site "Moscow"]
[Date "2019.12.29"]
[Round "6.30"]
[White "Khomeriki, Nino"]
[Black "Mamedjarova, Turkan"]
[Result "1-0"]
[WhiteElo "2177"]
[BlackElo "2273"]
[Annotator "NA"]
[PlyCount "57"]
[EventDate "2019.12.29"]
[EventType "swiss"]
[EventCountry "RUS"]
[SourceTitle "playchess.com"]
[Source "ChessBase"]
[SourceQuality "1"]

1. d4 d5 2. c4 e6 3. Nf3 Nf6 4. Nc3 c6 5. e3 Nbd7 6. Bd3 Bd6 7. O-O O-O 8. e4 dxe4 9. Nxe4 Nxe4 10. Bxe4 Nf6 11. Bc2 h6 12. b3 Qe7 13. a3 Rd8 14. Bb2 b6 15. Re1 Bb7 16. Qe2 Rd7 17. b4 c5 18. bxc5 bxc5 19. d5 Ba6 20. Qd3 g6 21. Qc3 Kg7 22. Nd2 e5 23. f4 Re8 24. fxe5 Bxe5 25. Rxe5 Qxe5 26. Qxe5 Rxe5 27. Bxe5 Bxc4 28. Nxc4 Rxd5 29. Rf1 1-0

[Event "FIDE WCC Blitz Women 2019"]
[Site "Moscow"]
[Date "2019.12.29"]
[Round "6.31"]
[White "Yakimova, Mariya"]
[Black "Garifullina, Leya"]
[Result "0-1"]
[WhiteElo "2128"]
[BlackElo "2267"]
[Annotator "NA"]
[PlyCount "114"]
[EventDate "2019.12.29"]
[EventType "swiss"]
[EventCountry "RUS"]
[SourceTitle "playchess.com"]
[Source "ChessBase"]
[SourceQuality "1"]

1. d4 Nf6 2. c4 e6 3. g3 d5 4. Nf3 Be7 5. Bg2 O-O 6. O-O Nbd7 7. Qc2 c6 8. b3 b6 9. Rd1 Bb7 10. Nc3 Ba6 11. Bf4 Rc8 12. e4 dxc4 13. bxc4 Bxc4 14. Qa4 b5 15. Qc2 b4 16. Na4 Bb5 17. Nc5 Nxc5 18. dxc5 Qa5 19. Bd6 Ba4 20. Qc4 Bxd6 21. Rxd6 Qb5 22. Qxb5 cxb5 23. Rc1 Nxe4 24. Ra6 Rxc5 25. Rxc5 Nxc5 26. Rxa7 h6 27. Nd4 Rd8 28. Nc6 Rd1+ 29. Bf1 Bc2 30. Nxb4 Be4 31. Rc7 Nd3 32. Rc8+ Kh7 33. f3 Nxb4 34. fxe4 Nxa2 35. Kf2 Rd2+ 36. Ke3 Rxh2 37. Bxb5 Rb2 38. Be8 Rb3+ 39. Kf4 Nb4 40. e5 Nd5+ 41. Kg4 Rb7 42. Bc6 Rb4+ 43. Kh3 Ne3 44. Be8 Rb1 45. Kh2 Rb7 46. Bc6 Ra7 47. Be4+ g6 48. Kg1 Ng4 49. Kg2 Nxe5 50. Rb8 Kg7 51. Rc8 h5 52. Rb8 f5 53. Bb1 Kf6 54. Kh3 Kg5 55. Rf8 Ng4 56. Re8 Rb7 57. Bd3 Rb2 0-1

[Event "FIDE WCC Blitz Women 2019"]
[Site "Moscow"]
[Date "2019.12.29"]
[Round "6.32"]
[White "Goltseva, Ekaterina"]
[Black "Potapova, Margarita"]
[Result "1-0"]
[WhiteElo "2143"]
[BlackElo "2259"]
[Annotator "NA"]
[PlyCount "71"]
[EventDate "2019.12.29"]
[EventType "swiss"]
[EventCountry "RUS"]
[SourceTitle "playchess.com"]
[Source "ChessBase"]
[SourceQuality "1"]

1. d4 Nf6 2. c4 c5 3. d5 b5 4. Nd2 d6 5. e4 b4 6. Bd3 g6 7. Ne2 Bg7 8. O-O O-O 9. f4 Nbd7 10. Nf3 a5 11. Rb1 e5 12. fxe5 Nxe5 13. Nxe5 dxe5 14. Bg5 h6 15. Be3 Ne8 16. Bxc5 Nd6 17. Ng3 Ba6 18. b3 Kh7 19. Be3 h5 20. c5 Nb5 21. Bxb5 Bxb5 22. Re1 h4 23. Nf1 a4 24. bxa4 Rxa4 25. Qd2 Qa5 26. c6 Rd8 27. Qf2 Rxa2 28. Bb6 Qa4 29. Qxh4+ Bh6 30. Bxd8 Qc2 31. Ne3 Qd2 32. Bg5 Kg8 33. Qxh6 Qf2+ 34. Kh1 b3 35. c7 Ba6 36. Rf1 1-0

[Event "FIDE WCC Blitz Women 2019"]
[Site "Moscow"]
[Date "2019.12.29"]
[Round "6.33"]
[White "Diakonova, Ekaterina"]
[Black "Osmak, Iulija"]
[Result "1-0"]
[WhiteElo "2090"]
[BlackElo "2242"]
[Annotator "NA"]
[PlyCount "73"]
[EventDate "2019.12.29"]
[EventType "swiss"]
[EventCountry "RUS"]
[SourceTitle "playchess.com"]
[Source "ChessBase"]
[SourceQuality "1"]

1. e4 e5 2. Nf3 Nc6 3. Bb5 a6 4. Ba4 b5 5. Bb3 Na5 6. Bxf7+ Kxf7 7. Nxe5+ Ke7 8. O-O d6 9. Nd3 Nf6 10. Nc3 Kf7 11. f4 Kg8 12. e5 dxe5 13. fxe5 Nd5 14. Qf3 Be6 15. Ne4 Be7 16. Ndc5 Qc8 17. d3 Nb7 18. Nxe6 Qxe6 19. c4 bxc4 20. dxc4 Nb4 21. Nf6+ gxf6 22. Qxb7 Qb6+ 23. Qxb6 cxb6 24. exf6 Bc5+ 25. Kh1 Kf7 26. Bh6 Bd4 27. Bg7 Rhd8 28. Rae1 Ra7 29. Re4 Rd6 30. Rh4 Nd3 31. h3 Nf2+ 32. Kh2 Be5+ 33. Kg1 Nd3 34. Rxh7 Bd4+ 35. Kh1 Ke6 36. f7 Bxg7 37. Rxg7 1-0

[Event "FIDE WCC Blitz Women 2019"]
[Site "Moscow"]
[Date "2019.12.29"]
[Round "6.34"]
[White "Borisova, Ekaterina"]
[Black "Matveeva, Svetlana"]
[Result "0-1"]
[WhiteElo "2029"]
[BlackElo "2239"]
[Annotator "NA"]
[PlyCount "158"]
[EventDate "2019.12.29"]
[EventType "swiss"]
[EventCountry "RUS"]
[SourceTitle "playchess.com"]
[Source "ChessBase"]
[SourceQuality "1"]

1. Nf3 d5 2. g3 Nf6 3. Bg2 c6 4. O-O Bf5 5. d3 h6 6. c4 e6 7. cxd5 exd5 8. Nc3 Be7 9. Qb3 Qb6 10. Qc2 Nbd7 11. e4 dxe4 12. dxe4 Bh7 13. Be3 Qa5 14. Rfd1 O-O 15. Nd4 Nc5 16. a3 Qc7 17. b4 Ncd7 18. Bf4 Ne5 19. Nf5 Bxf5 20. exf5 Rfe8 21. Re1 Bd6 22. h3 Rad8 23. Rac1 Nc4 24. Bxd6 Nxd6 25. g4 Rxe1+ 26. Rxe1 Re8 27. Rd1 Nc4 28. Qa2 Qf4 29. Ne2 Qe5 30. Qxc4 Qxe2 31. Qxe2 Rxe2 32. Rd8+ Re8 33. Rd3 Kf8 34. Kf1 Ke7 35. Bf3 Rd8 36. Re3+ Kd6 37. h4 Nd5 38. Bxd5 cxd5 39. Ke2 Rc8 40. Kd2 d4 41. Re4 Rc4 42. f3 b5 43. g5 hxg5 44. hxg5 a6 45. f6 gxf6 46. gxf6 Kd5 47. Re7 Rc3 48. Ke2 Rxa3 49. Rxf7 Ke6 50. Rf8 Rb3 51. f4 Rxb4 52. Kd3 Ra4 53. Ke4 d3+ 54. Kxd3 Rxf4 55. Ra8 Ra4 56. Rf8 Kf5 57. Kc3 a5 58. Rb8 b4+ 59. Kc4 Kxf6 60. Rb5 Ke6 61. Rb6+ Kd7 62. Rb5 Kc6 63. Rh5 Ra3 64. Rh6+ Kc7 65. Rh7+ Kd6 66. Rh6+ Ke5 67. Rh5+ Kf4 68. Rh4+ Kg5 69. Re4 b3 70. Re3 a4 71. Kb4 Ra2 72. Kc3 Kf4 73. Re8 b2 74. Rf8+ Ke5 75. Re8+ Kd6 76. Kc2 a3 77. Rb8 Ra1 78. Rb5 Rc1+ 79. Kd2 b1=Q 0-1

[Event "FIDE WCC Blitz Women 2019"]
[Site "Moscow"]
[Date "2019.12.29"]
[Round "6.35"]
[White "Strutinskaia, Galina"]
[Black "Antova, Gabriela"]
[Result "0-1"]
[WhiteElo "2227"]
[BlackElo "1965"]
[Annotator "NA"]
[PlyCount "157"]
[EventDate "2019.12.29"]
[EventType "swiss"]
[EventCountry "RUS"]
[SourceTitle "playchess.com"]
[Source "ChessBase"]
[SourceQuality "1"]

1. d4 d5 2. c4 e6 3. Nc3 Nf6 4. Nf3 c6 5. Bg5 h6 6. Bxf6 Qxf6 7. e3 Nd7 8. Bd3 g6 9. O-O Bg7 10. e4 dxc4 11. Bxc4 e5 12. d5 O-O 13. Bb3 Nc5 14. Bc2 Bg4 15. b4 Nd7 16. Bb3 Rad8 17. a4 Kh8 18. a5 a6 19. Qe2 Qe7 20. Ra4 c5 21. b5 axb5 22. Nxb5 f5 23. Bd1 Nf6 24. d6 Qe8 25. Qb2 Nxe4 26. Nc7 Qd7 27. Nxe5 Qxd6 28. Bxg4 Bxe5 29. Qb6 Qxc7 30. Qxg6 Qg7 31. Bxf5 Qxg6 32. Bxg6 Nxf2 33. a6 bxa6 34. g3 Bd4 35. Kg2 Rf6 36. Bc2 Rdf8 37. Rb1 Ng4 38. Be4 Rf2+ 39. Kh3 h5 40. Rh1 Re2 41. Bd3 Nf2+ 42. Kh4 Nxd3 43. Rxa6 Re5 44. Rb1 Rf7 45. Rb8+ Kg7 46. Rbb6 Ref5 47. Rg6+ Kf8 48. Ra8+ Ke7 49. Ra7+ Kd8 50. Ra8+ Kc7 51. Ra7+ Kb8 52. Raa6 R5f6 53. Rg8+ Kb7 54. Raa8 Nb4 55. Rab8+ Kc6 56. Rbc8+ Kd5 57. Kxh5 Rf2 58. h4 c4 59. Rgd8+ Ke4 60. Rxc4 Nc2 61. Kg4 Kd3 62. Rc6 Rg7+ 63. Kh5 Rxg3 64. Rcd6 Rf5+ 65. Kh6 Rf4 66. h5 Ke3 67. Re8+ Kf3 68. Rd5 Ne3 69. Ra5 Ng4+ 70. Kg5 Nf6+ 71. Kh6 Nxe8 72. Ra6 Rf6+ 73. Rxf6+ Bxf6 74. Kh7 Bg7 75. Kg8 Nf6+ 76. Kf7 Nxh5 77. Ke6 Rg4 78. Kd5 Bc3 79. Ke6 0-1

[Event "FIDE WCC Blitz Women 2019"]
[Site "Moscow"]
[Date "2019.12.29"]
[Round "6.36"]
[White "Ovezdurdiyeva, Jemal"]
[Black "Doluhanova, Evgeniya"]
[Result "0-1"]
[WhiteElo "1877"]
[BlackElo "2222"]
[Annotator "NA"]
[PlyCount "45"]
[EventDate "2019.12.29"]
[EventType "swiss"]
[EventCountry "RUS"]
[SourceTitle "playchess.com"]
[Source "ChessBase"]
[SourceQuality "1"]

1. d4 Nf6 2. c4 e6 3. Nc3 Bb4 4. e3 O-O 5. Nge2 Re8 6. a3 Bf8 7. Ng3 c5 8. dxc5 Bxc5 9. b4 Bf8 10. Be2 a5 11. b5 d6 12. Bb2 Nbd7 13. Nce4 Nxe4 14. Nxe4 Qc7 15. O-O b6 16. Bd3 h6 17. Qh5 Bb7 18. Ng5 Ne5 19. Bxe5 dxe5 20. Nxf7 e4 21. Nxh6+ gxh6 22. Qg6+ Bg7 23. Bc2 0-1

[Event "FIDE WCC Blitz Women 2019"]
[Site "Moscow"]
[Date "2019.12.29"]
[Round "6.37"]
[White "Ovod, Evgenija"]
[Black "Nebolsina, Vera"]
[Result "0-1"]
[WhiteElo "2163"]
[BlackElo "2252"]
[Annotator "NA"]
[PlyCount "62"]
[EventDate "2019.12.29"]
[EventType "swiss"]
[EventCountry "RUS"]
[SourceTitle "playchess.com"]
[Source "ChessBase"]
[SourceQuality "1"]

1. e4 g6 2. d4 Bg7 3. c3 d6 4. Bd3 Nf6 5. Nf3 Bg4 6. Be3 O-O 7. Nbd2 e5 8. h3 Bxf3 9. Nxf3 Nbd7 10. O-O Re8 11. Nd2 Nh5 12. Re1 Nf8 13. Qb3 Qc8 14. Rad1 Ne6 15. dxe5 Bxe5 16. Nf3 Bg7 17. Ng5 Nxg5 18. Bxg5 h6 19. Bc1 Re7 20. Bc4 a6 21. a4 Rb8 22. a5 Qe8 23. Kf1 Re5 24. Qa2 Kh7 25. Bxf7 Qe7 26. Bc4 Rf8 27. Kg1 Qh4 28. Be3 Rxe4 29. Bd3 Rxe3 30. fxe3 Qf2+ 31. Kh2 Be5+ 0-1

[Event "FIDE WCC Blitz Women 2019"]
[Site "Moscow"]
[Date "2019.12.29"]
[Round "6.38"]
[White "Dordzhieva, Dinara"]
[Black "Sgircea, Silvia-Raluca"]
[Result "1/2-1/2"]
[WhiteElo "2222"]
[BlackElo "2154"]
[Annotator "NA"]
[PlyCount "144"]
[EventDate "2019.12.29"]
[EventType "swiss"]
[EventCountry "RUS"]
[SourceTitle "playchess.com"]
[Source "ChessBase"]
[SourceQuality "1"]

1. Nf3 c5 2. c4 g6 3. Nc3 Bg7 4. g3 Nc6 5. Bg2 Nf6 6. d4 cxd4 7. Nxd4 O-O 8. O-O d6 9. Nxc6 bxc6 10. Bxc6 Bh3 11. Bxa8 Qxa8 12. f3 Bxf1 13. Qxf1 Rc8 14. e4 Qc6 15. Be3 Qxc4 16. Qxc4 Rxc4 17. Bxa7 Rb4 18. Rb1 Nd7 19. Nd5 Ra4 20. Bf2 e6 21. Ne7+ Kf8 22. Nc6 Rxa2 23. b4 Ra8 24. b5 Nb8 25. Nd4 Ke7 26. b6 Kd7 27. Nb5 Ra5 28. Nd4 d5 29. Rc1 Be5 30. f4 Bxd4 31. Bxd4 Nc6 32. Bf2 dxe4 33. Rd1+ Rd5 34. Rb1 Kc8 35. b7+ Kb8 36. g4 Rd3 37. Kg2 e3 38. Be1 e2 39. Kf2 Rd1 40. Rb6 Nd8 41. Kxe2 Rd7 42. Bg3 Nxb7 43. f5+ Ka7 44. Rb5 exf5 45. gxf5 Re7+ 46. Kf3 Ka6 47. Rd5 gxf5 48. Rxf5 Kb6 49. Rf6+ Kc5 50. Rh6 f5 51. Rh5 Rf7 52. Rh6 Kd5 53. Bf4 Nc5 54. Rd6+ Kc4 55. Be5 Nd3 56. Rd4+ Kc3 57. Rd5+ Nxe5+ 58. Rxe5 Kd4 59. Kf4 Rg7 60. Rxf5 Kd3 61. h4 Kd4 62. h5 Re7 63. Kg5 Ke4 64. Rf8 Re6 65. Rf7 h6+ 66. Kg4 Ke5 67. Rf5+ Kd6 68. Rf7 Ke5 69. Rg7 Kd6 70. Rg6 Ke7 71. Kf5 Rxg6 72. Kxg6 Kf8 1/2-1/2

[Event "FIDE WCC Blitz Women 2019"]
[Site "Moscow"]
[Date "2019.12.29"]
[Round "6.39"]
[White "Styazhkina, Anna"]
[Black "Kovanova, Baira"]
[Result "1-0"]
[WhiteElo "2159"]
[BlackElo "2218"]
[Annotator "NA"]
[PlyCount "83"]
[EventDate "2019.12.29"]
[EventType "swiss"]
[EventCountry "RUS"]
[SourceTitle "playchess.com"]
[Source "ChessBase"]
[SourceQuality "1"]

1. e4 e5 2. Nc3 Nc6 3. f4 exf4 4. Nf3 Nf6 5. d4 d5 6. e5 Nh5 7. Be2 g5 8. O-O Be7 9. Nxg5 Bxg5 10. Bxh5 Be6 11. Bxf4 Bxf4 12. Rxf4 Qg5 13. Qf3 O-O-O 14. Rf1 Rhg8 15. Ne2 Rd7 16. c3 Kb8 17. Ng3 a6 18. Kh1 Rg7 19. Qf2 Ne7 20. Rf6 Ng6 21. Bxg6 hxg6 22. Ne2 Rh7 23. Kg1 Qh5 24. g3 Rd8 25. Nf4 Qg4 26. Nxe6 fxe6 27. Qf3 Qh3 28. Qg2 Qg4 29. R6f4 Qg5 30. h4 Qh6 31. Rf6 Qe3+ 32. Qf2 Qd3 33. Qf3 Qc2 34. Rf2 Qc1+ 35. Kg2 g5 36. h5 g4 37. Qxg4 Qe3 38. Qf3 Qc1 39. g4 Ka7 40. Rxe6 Rg8 41. h6 Rg6 42. Rxg6 1-0